00431nam a2200145Ia 4500008004100000020001800041100002400059245001700083260001800100500002400118650003500142942000700177952008400184999001700268230524s9999 xx 000 0 und d a9788185986173 aR.K. Narayan936635 0aMalgudi days bIndia Thought aQuantity Number: 1 aPersonality Development936636 cBK 00104070aTATCLbTATCLcGENd2023-05-24l0p44980r2023-05-24w2023-05-24yBK c50676d50676